00563cam a2200181 a 450000100100000000500170001000800410002702000150006804000180008308200190010110000370012024500510015726000650020830000270027365000240030065000300032465000270035400000599220200929151856.0990303s1998 ck a 001 p spa  a958330106X aDO-SdBNPcDLC aC861.44bC828d1 aCortés Mendieta, Edgar,d1956-10aDescenso a la flor /cEdgar Cortés Mendieta. aSantafé de Bogotá (Colombia) :bBúho Pescador,c1998 . a57 p. :bil. ;c21 cm. 4aPoesía colombiana 4aNaturaleza en la poesía 4aLiterartura colombiana